书目信息 |
| 题名: |
王名扬全集
|
|
| 作者: | 王名扬 译 | |
| 分册: | 5 译作、教材汇编 | |
| 出版信息: | 北京 北京大学出版社 2016 |
|
| 页数: | 577页 | |
| 开本: | 23cm | |
| 丛书名: | ||
| 单 册: | ||
| 中图分类: | D912.104 | |
| 科图分类: | ||
| 主题词: | 行政法--hang zheng fa--文集 | |
| 电子资源: | ||
| ISBN: | 978-7-301-25275-8 | |
| 000 | 00874nam0 22002411 450 | |
| 001 | 1738594635 | |
| 005 | 20170628110301.58 | |
| 010 | @a978-7-301-25275-8@dCNY78.00 | |
| 100 | @a20160425d2016 em y0chiy50 ea | |
| 101 | 0 | @achi |
| 102 | @aCN@b110000 | |
| 105 | @aa z 000yy | |
| 106 | @ar | |
| 200 | 1 | @a王名扬全集@9wang ming yang quan ji@h5@i译作、教材汇编@f王名扬译/著 |
| 210 | @a北京@c北京大学出版社@d2016 | |
| 215 | @a577页@c照片@d23cm | |
| 304 | @a英文共同题名:Compilation of Translations and textbooks | |
| 330 | @a本书收录了《共产主义的法律理论》《法国法律上对人权的宪法保障》《行政行为》《英国行政法绪论》《法国行政法》《法国的行政审判制度》等文章。 | |
| 606 | 0 | @a行政法@9hang zheng fa@j文集 |
| 690 | @aD912.104@v5 | |
| 701 | 0 | @a王名扬@9wang ming yang@f(1916~2008)@4译@4著 |
| 801 | 0 | @aCN@bTANGWEI@c20170621 |
| 905 | @b1015573-8@dD912.104@e732:5@f6 | |
| 王名扬全集.5.译作、教材汇编/王名扬译/著 .-北京:北京大学出版社,2016 |
| 577页:照片;23cm |
| ISBN 978-7-301-25275-8:CNY78.00 |
| 本书收录了《共产主义的法律理论》《法国法律上对人权的宪法保障》《行政行为》《英国行政法绪论》《法国行政法》《法国的行政审判制度》等文章。 |
| ● |
| 相关链接 |
|
|
|
|
正题名:王名扬全集
索取号:D912.104/732:5
 
预约/预借
| 序号 | 登录号 | 条形码 | 馆藏地/架位号 | 状态 | 备注 |
| 1 | 1015573 | 210155730 | 第一样本阅览室/ [索取号:D912.104/732:5] | 在馆 | |
| 2 | 1015574 | 210155749 | 教育系资料室/ [索取号:D912.104/732:5] | 在馆 | |
| 3 | 1015575 | 210155758 | 教育系资料室/ [索取号:D912.104/732:5] | 在馆 | |
| 4 | 1015576 | 210155767 | 教育系资料室/ [索取号:D912.104/732:5] | 在馆 | |
| 5 | 1015577 | 210155776 | 第一借阅区/ [索取号:D912.104/732:5] | 在馆 | |
| 6 | 1015578 | 210155785 | 第一借阅区/ [索取号:D912.104/732:5] | 在馆 |